Quando, Dove, Come, Perché #4 - Statistics

Statistiche generali
  • Questo quiz è stato fatto 65 volte
  • Il punteggio medio è 5 su 5
Statistiche sulle risposte
Indizio QDCP % Corretto
3 Come: con ancora sei vite
100%
2 Dove: sparito di colpo!
100%
1 Quando: quando hai appena passato la cera sul pavimento
100%
PAROLA Gatto
95%
4 Perché: perché zampettando è caduto giù dal balcone!
90%
Nessun quiz corrispondente trovato
Distribuzione punteggi
Percentuale di utenti per punteggio
Percentile per numero di risposta
I tuoi punteggi nel tempo
Non hai fatto questo quiz